ბათუმის შოთა რუსთაველის სახელმწიფო უნივერსიტეტის ბიბლიოთეკა

Экспериментальная психология. (ბიბ.ჩანაწერი № 35421)

000 -LEADER
fixed length control field 00693nam a2200241Ia 4500
001 - CONTROL NUMBER
control field 1277
003 - CONTROL NUMBER IDENTIFIER
control field GE_BSU
008 - FIXED-LENGTH DATA ELEMENTS--GENERAL INFORMATION
fixed length control field 181216s||||||||xx |||||||||||||| ||und||
040 ## - CATALOGING SOURCE
Transcribing agency GE_BSU
080 ## - UNIVERSAL DECIMAL CLASSIFICATION NUMBER
Universal Decimal Classification number 159.9.07
245 ## - TITLE STATEMENT
Title Экспериментальная психология.
245 ## - TITLE STATEMENT
Remainder of title Пер. с французского.
245 ## - TITLE STATEMENT
Statement of responsibility, etc. Ред:Фресс Поль ;Жан Пиаже.
260 ## - PUBLICATION, DISTRIBUTION, ETC.
Place of publication, distribution, etc. Москва
260 ## - PUBLICATION, DISTRIBUTION, ETC.
Name of publisher, distributor, etc. Прогресс.
260 ## - PUBLICATION, DISTRIBUTION, ETC.
Date of publication, distribution, etc. 1978
300 ## - PHYSICAL DESCRIPTION
Extent 300с. 21см.
653 ## - INDEX TERM--UNCONTROLLED
Uncontrolled term Психология
653 ## - INDEX TERM--UNCONTROLLED
Uncontrolled term Экспериментальная психология
653 ## - INDEX TERM--UNCONTROLLED
Uncontrolled term ფსიქოლოგია
942 ## - ADDED ENTRY ELEMENTS (KOHA)
Koha item type წიგნი
ეგზემპლარები
Withdrawn status Lost status Damaged status Not for loan Date acquired Barcode Date last seen Price effective from Koha item type Public note
        2018-12-17 2926 2018-12-17 2018-12-17 წიგნი დარბაზი